[Event "Ä15Â"]
[Site "Loo"]
[Date "2017.04.24"]
[Round "5.19"]
[White "Ìèõàéëîâà, Þëèÿ."]
[Black "Êîêóåâà, Àëèñà."]
[Result "1/2-1/2"]
[WhiteElo "1733"]
[BlackElo "1552"]
[PlyCount "95"]
[EventDate "2017.04.20"]

1. d4 Nf6 2. c4 e6 3. Nc3 Bb4 4. Nf3 O-O 5. Bg5 d5 6. e3 c5 7. Qb3 Nc6 8. cxd5
exd5 9. dxc5 Bxc5 10. Be2 Be6 11. Qc2 d4 12. exd4 Bxd4 13. O-O Qc8 14. Nb5 Rd8
15. Rad1 Be5 16. Nxe5 Nxe5 17. Qxc8 Raxc8 18. Bxf6 gxf6 19. Nc3 Nc4 20. Bxc4
Bxc4 21. Rfe1 Rxd1 22. Rxd1 Re8 23. f3 Be6 24. a3 a6 25. Ne4 Kg7 26. Rc1 Rd8
27. Rc2 Bf5 28. Rd2 Rxd2 29. Nxd2 Bd3 30. Kf2 Kf8 31. Ke3 Bb5 32. Kd4 Ke7 33.
g3 Bc6 34. f4 Ke6 35. Ne4 Bxe4 36. Kxe4 f5+ 37. Kd4 Kd6 38. b3 f6 39. b4 b5 40.
h3 h5 41. Ke3 Kd5 42. Kd3 Kc6 43. Kc3 Kd5 44. Kd3 Ke6 45. Kd4 Kd6 46. Ke3 Kd5
47. Kd3 Ke6 48. Kd4 1/2-1/2

[Event "Ì15Ï"]
[Site "Loo"]
[Date "2017.04.24"]
[Round "5.1"]
[White "Ìîðãà÷åâ, Ñåðãåé."]
[Black "Áðàæíèêîâ, Äìèòðèé."]
[Result "1-0"]
[WhiteElo "1814"]
[BlackElo "1465"]
[PlyCount "97"]
[EventDate "2017.04.20"]

1. d4 Nf6 2. c4 g6 3. Nc3 d5 4. Bg5 Ne4 5. Bh4 c5 6. cxd5 Nxc3 7. bxc3 Qxd5 8.
e3 Bg7 9. Nf3 cxd4 10. cxd4 Nc6 11. Be2 Qa5+ 12. Nd2 e5 13. dxe5 Bxe5 14. O-O
Be6 15. Ne4 O-O 16. Rb1 f5 17. Ng5 Rfd8 18. Qc1 Bd5 19. Bc4 Nb4 20. a3 Na2 21.
Bxd5+ Rxd5 22. Qc4 Nc3 23. Rxb7 Qxa3 24. Nxh7 Qc5 25. Qxc5 Rxc5 26. Nf6+ Bxf6
27. Bxf6 Ne4 28. Bd4 Ra5 29. Rg7+ Kf8 30. Rxg6 Ra2 31. h4 Kf7 32. h5 Rc2 33.
Rg7+ Ke6 34. h6 a5 35. h7 Rcc8 36. Rb7 Ng5 37. h8=Q Rxh8 38. Bxh8 Rxh8 39. Ra7
Rg8 40. g3 Nf3+ 41. Kg2 Nh4+ 42. Kh3 Nf3 43. Rh1 Ke5 44. Rxa5+ Ke4 45. Ra4+ Kd3
46. Kg2 Ke2 47. Ra2+ Nd2 48. Rb1 Kd3 49. Rd1 1-0

[Event "Ì15Ï"]
[Site "Loo"]
[Date "2017.04.24"]
[Round "5.2"]
[White "Àáðàìîâ, Èëüÿ."]
[Black "Ãàáäðàõìàíîâ, Àçàò."]
[Result "1-0"]
[WhiteElo "1902"]
[BlackElo "2011"]
[PlyCount "97"]
[EventDate "2017.04.20"]

1. d4 Nf6 2. c4 g6 3. Nc3 Bg7 4. e4 d6 5. f3 O-O 6. Be3 Nc6 7. Nge2 a6 8. Qd2
Rb8 9. Rc1 Bd7 10. Nd1 Re8 11. Nf2 b5 12. c5 dxc5 13. Rxc5 e5 14. d5 Ne7 15. g3
c6 16. dxc6 Bxc6 17. Qxd8 Rbxd8 18. Bg2 Nd7 19. Rc2 b4 20. O-O Bb5 21. Rd1 Nb8
22. Rcd2 Nec6 23. Bf1 Rxd2 24. Rxd2 Rc8 25. b3 f5 26. exf5 gxf5 27. g4 e4 28.
fxe4 Ne5 29. Kg2 fxg4 30. Nd4 Nf3 31. Nxf3 gxf3+ 32. Kg1 Bc3 33. Rd5 Bxf1 34.
Kxf1 Bg7 35. Nd3 Kf7 36. Nxb4 Rc3 37. Kf2 Bf8 38. Rf5+ Kg8 39. Nd5 Rc2+ 40.
Kxf3 Nd7 41. e5 Bg7 42. e6 Ne5+ 43. Ke4 Ng6 44. e7 Rc8 45. Bc5 Kh8 46. b4 h6
47. h4 Kg8 48. h5 Nh8 49. Nc7 1-0

[Event "Ì15Ï"]
[Site "Loo"]
[Date "2017.04.24"]
[Round "5.3"]
[White "Êèñåëåâ, Âëàäèñëàâ."]
[Black "Þí, Âÿ÷åñëàâ."]
[Result "1-0"]
[WhiteElo "1993"]
[BlackElo "1878"]
[PlyCount "77"]
[EventDate "2017.04.20"]

1. e4 c5 2. Nf3 e6 3. c4 Nc6 4. Nc3 d6 5. Be2 Nf6 6. O-O Be7 7. d4 cxd4 8. Nxd4
O-O 9. Be3 Bd7 10. Ndb5 Qb8 11. Qd2 a6 12. Nd4 Re8 13. Rab1 Nxd4 14. Qxd4 Bc6
15. b4 b5 16. cxb5 axb5 17. f3 Nd7 18. Qd2 Bf6 19. Rfc1 Rc8 20. Bf1 Be5 21. Ne2
Ra4 22. Nd4 Bxd4 23. Bxd4 Qa8 24. Rc2 d5 25. Rbc1 Ra6 26. Bxb5 Nb8 27. exd5
exd5 28. Bxa6 Qxa6 29. Qg5 f6 30. Qf5 Re8 31. Rxc6 Nxc6 32. Qxd5+ Kf8 33. Bc5+
Ne7 34. Re1 Qc8 35. Bxe7+ Rxe7 36. Qd6 Qb7 37. Qxe7+ Qxe7 38. Rxe7 Kxe7 39. Kf2
1-0

[Event "Ì15Ï"]
[Site "Loo"]
[Date "2017.04.24"]
[Round "5.4"]
[White "Êóìàðãàëèåâ, Ìàðñåëü."]
[Black "Ñëóãèí, ßðîñëàâ."]
[Result "0-1"]
[WhiteElo "1716"]
[BlackElo "1974"]
[PlyCount "98"]
[EventDate "2017.04.20"]

1. e4 d6 2. d4 Nf6 3. Nc3 c6 4. f4 Qa5 5. Bd3 Bg4 6. Nf3 Nbd7 7. h3 Bxf3 8.
Qxf3 e5 9. d5 Nc5 10. O-O Be7 11. Rb1 Qc7 12. Be3 Ncd7 13. g3 O-O 14. f5 Rfe8
15. dxc6 bxc6 16. g4 d5 17. g5 d4 18. gxf6 Bxf6 19. Bd2 dxc3 20. Bxc3 Nb6 21.
Ba5 Qb7 22. Qe2 Rad8 23. c4 Rd4 24. Bc3 Rd7 25. b3 Red8 26. Rf3 c5 27. b4 Na4
28. Be1 cxb4 29. Rxb4 Qc6 30. Bc2 Nc5 31. Bc3 Rb7 32. Rb5 a6 33. Rxb7 Qxb7 34.
Rf1 Qb6 35. Rb1 Qa7 36. Qf2 Rc8 37. Ba5 h6 38. Bb6 Qe7 39. Rd1 Bh4 40. Qg2 Nd7
41. Be3 Rxc4 42. Bxh6 Bf6 43. Bb3 Rc3 44. Bxg7 Bxg7 45. Rxd7 Rc1+ 46. Kh2 Qh4
47. Rd3 Qf4+ 48. Rg3 Rf1 49. f6 Rf2 0-1

[Event "Ì15Ï"]
[Site "Loo"]
[Date "2017.04.24"]
[Round "5.5"]
[White "Àñàòðÿí, Ãîð."]
[Black "Áîçðèêîâ, Ìàòâåé."]
[Result "1/2-1/2"]
[WhiteElo "1916"]
[BlackElo "1781"]
[PlyCount "111"]
[EventDate "2017.04.20"]

1. e4 e5 2. Nf3 Nc6 3. Bc4 Bc5 4. d3 d6 5. O-O Nf6 6. Bg5 Bg4 7. h3 Bh5 8. Nc3
h6 9. Bxf6 Qxf6 10. Nd5 Qd8 11. c3 Ne7 12. Ne3 Qd7 13. Nxe5 Bxd1 14. Bxf7+ Kf8
15. Nxd7+ Kxf7 16. Nxc5 dxc5 17. Raxd1 Rad8 18. f4 Rd6 19. Nc4 Ra6 20. a3 b5
21. Nd2 Rd8 22. Nb3 Rc6 23. Kf2 Nc8 24. d4 cxd4 25. Nxd4 Rcd6 26. e5 Rd5 27.
Ke2 a6 28. Nb3 Nb6 29. Nd4 Na4 30. Nc6 Rxd1 31. Rxd1 Rxd1 32. Kxd1 Nxb2+ 33.
Ke2 Nc4 34. Nb4 a5 35. Nc2 c5 36. Kd3 Ke6 37. Ke4 Nd2+ 38. Ke3 Nc4+ 39. Kd3 g6
40. Ke4 Nd2+ 41. Ke3 Nb1 42. Kd3 g5 43. g3 gxf4 44. gxf4 h5 45. Ne3 Nxa3 46.
Ke4 b4 47. f5+ Kf7 48. e6+ Kf8 49. cxb4 cxb4 50. Ke5 b3 51. Kd6 b2 52. e7+ Ke8
53. Nd5 Nb5+ 54. Ke6 Nd4+ 55. Kf6 Nb5 56. Ke6 1/2-1/2

[Event "Ì15Ï"]
[Site "Loo"]
[Date "2017.04.24"]
[Round "5.6"]
[White "Øàäóíö, Êèðèëë."]
[Black "Ïàâëîâ, Ìèõàèë."]
[Result "1-0"]
[WhiteElo "1877"]
[BlackElo "1762"]
[PlyCount "83"]
[EventDate "2017.04.20"]

1. d4 e6 2. c4 Nf6 3. Nc3 d5 4. cxd5 exd5 5. Bg5 c6 6. Qc2 h6 7. Bh4 g6 8. e4
dxe4 9. Nxe4 Be7 10. Nf3 Kf8 11. Bxf6 Bxf6 12. Nxf6 Qxf6 13. O-O-O Kg7 14. Bc4
Bf5 15. Qb3 b5 16. Be2 a5 17. Rhe1 Na6 18. a3 Rhc8 19. Bd3 Be6 20. Qc2 c5 21.
Kb1 cxd4 22. Qe2 Nc5 23. Bxb5 Qf5+ 24. Bd3 Nxd3 25. Qxd3 Qxd3+ 26. Rxd3 Bf5 27.
Red1 Bxd3+ 28. Rxd3 Re8 29. Nxd4 Rac8 30. Rd1 a4 31. Ka2 Rb8 32. h4 h5 33. g3
Kf6 34. Nc6 Rb6 35. Nb4 Re2 36. Nd5+ Kf5 37. Nxb6 Rxf2 38. Nxa4 Kg4 39. Rd3 f5
40. Nc3 f4 41. Rd4 Kh3 42. gxf4 1-0

[Event "Ì15Ï"]
[Site "Loo"]
[Date "2017.04.24"]
[Round "5.7"]
[White "Êðàâöîâ, Ìàêñèì."]
[Black "Äîëãèõ, Åâãåíèé."]
[Result "0-1"]
[WhiteElo "1766"]
[BlackElo "2003"]
[PlyCount "52"]
[EventDate "2017.04.20"]

1. d4 Nf6 2. c4 e6 3. Nc3 d5 4. cxd5 exd5 5. Bg5 Be7 6. e3 O-O 7. Nf3 h6 8.
Bxf6 Bxf6 9. Bd3 c5 10. dxc5 Bxc3+ 11. bxc3 Nc6 12. Qc2 Qa5 13. O-O Qxc5 14.
Nd4 Ne5 15. Rab1 Nxd3 16. Qxd3 b6 17. Nb3 Qc4 18. Qxc4 dxc4 19. Nd4 Bd7 20. Rb4
Rfc8 21. Rd1 Rc5 22. f3 b5 23. a3 Kf8 24. Kf2 Ke7 25. Rb2 g6 26. Rbd2 Rb8 {
çàïèñü íåðàçáîð~~èâà} 0-1

[Event "Ì15Ï"]
[Site "Loo"]
[Date "2017.04.24"]
[Round "5.8"]
[White "Áîíäàðåíêî, Àðò¸ì."]
[Black "Êðåòîâ, Ëåîíèä."]
[Result "0-1"]
[WhiteElo "1720"]
[BlackElo "1911"]
[PlyCount "108"]
[EventDate "2017.04.20"]

1. e4 e6 2. d4 d5 3. e5 c5 4. c3 Qb6 5. Nf3 Nc6 6. a3 Bd7 7. b4 cxd4 8. cxd4
Rc8 9. Bb2 Na5 10. Bc3 Nc4 11. Nfd2 Nxd2 12. Qxd2 Bb5 13. f4 Nh6 14. Kf2 Be7
15. a4 Bxf1 16. Rxf1 O-O 17. Na3 f6 18. Kg1 fxe5 19. fxe5 Nf5 20. a5 Qd8 21.
Qd3 Qe8 22. Bd2 Qg6 23. Rf2 Nh4 24. Qxg6 hxg6 25. Rd1 Rxf2 26. Kxf2 a6 27. Be1
Nf5 28. g4 Bh4+ 29. Ke2 Bxe1 30. Kxe1 Ne3 31. Rd3 Nxg4 32. h3 Nh6 33. Kd2 Nf5
34. Rc3 Rb8 35. Kd3 b6 36. axb6 Rxb6 37. Nc2 Ng3 38. Rc8+ Kh7 39. Rd8 Ne4 40.
h4 Rc6 41. Ne3 Rc3+ 42. Ke2 Rb3 43. Nc2 Rh3 44. Ra8 Rxh4 45. Rxa6 Rh2+ 46. Kd1
g5 47. Rxe6 g4 48. Ne3 g3 49. Rc6 Rd2+ 50. Ke1 Rxd4 51. b5 Rb4 52. b6 d4 53.
Ng4 d3 54. e6 Rb1+ 0-1

[Event "Ì15Ï"]
[Site "Loo"]
[Date "2017.04.24"]
[Round "5.9"]
[White "Áîáêîâ, Âàäèì."]
[Black "Øèëüíèêîâ, Àíòîí."]
[Result "1-0"]
[WhiteElo "1894"]
[BlackElo "1757"]
[PlyCount "73"]
[EventDate "2017.04.20"]

1. d4 Nf6 2. Nf3 e6 3. c4 d5 4. e3 Nbd7 5. Nc3 c6 6. Bd3 Be7 7. e4 dxe4 8. Nxe4
Nxe4 9. Bxe4 Nf6 10. Bc2 O-O 11. O-O b6 12. Bg5 Bb7 13. Qd3 g6 14. Rad1 Qc7 15.
Qc3 Ng4 16. Qd2 c5 17. d5 exd5 18. cxd5 Rad8 19. Bxe7 Qxe7 20. Qf4 f5 21. d6
Qg7 22. Bb3+ Kh8 23. Ng5 Bc8 24. Rfe1 h6 25. Nf3 Rfe8 26. h3 g5 27. Qa4 Ne5 28.
Nxe5 Rxe5 29. Rxe5 Qxe5 30. Qc6 Qg7 31. d7 Ba6 32. Re1 Kh7 33. Be6 Bd3 34. Qd5
Bb5 35. Bxf5+ Kh8 36. Qd6 Kg8 37. Re7 1-0

[Event "Ì15Ï"]
[Site "Loo"]
[Date "2017.04.24"]
[Round "5.10"]
[White "Ñîëîäÿíêèí, Òèìîôåé."]
[Black "Öûáóëüêèí, Èâàí."]
[Result "0-1"]
[WhiteElo "1867"]
[BlackElo "1734"]
[PlyCount "50"]
[EventDate "2017.04.20"]

1. d4 d5 2. c4 Bf5 3. Nc3 e6 4. cxd5 exd5 5. Qb3 Nc6 6. Qa4 Qd7 7. a3 Nf6 8. e3
a6 9. Nf3 Bd6 10. Be2 O-O 11. b4 h6 12. Bb2 b5 13. Qb3 Ne7 14. Rd1 c6 15. Ne5
Qb7 16. Bd3 Bxe5 17. dxe5 Bxd3 18. Nxd5 cxd5 19. exf6 Bc4 20. Qc3 Ng6 21. h4 d4
22. exd4 Qxg2 23. Kd2 Qxf2+ 24. Kc1 Rfc8 25. Qd2 Bd5+ 0-1

[Event "Ì15Ï"]
[Site "Loo"]
[Date "2017.04.24"]
[Round "5.11"]
[White "Ðóäîâñêèé, Ôèëèïï."]
[Black "Êîðîëåâ, Êèðèëë."]
[Result "1-0"]
[WhiteElo "1710"]
[BlackElo "1854"]
[PlyCount "65"]
[EventDate "2017.04.20"]

1. e4 Nf6 2. Nc3 d5 3. e5 Nfd7 4. Nf3 e6 5. d4 c5 6. Be3 Nc6 7. Bb5 Qb6 8. Bxc6
bxc6 9. O-O cxd4 10. Na4 Qa5 11. Qxd4 c5 12. Bd2 Qb5 13. Qf4 Be7 14. b3 O-O 15.
Qg3 f6 16. Rae1 Qc6 17. exf6 Bxf6 18. Qg4 Nb6 19. Ne5 Qd6 20. Bf4 Qe7 21. Re3
d4 22. Rh3 Nd5 23. Bg3 Bxe5 24. Bxe5 Rf5 25. Re1 g6 26. Nb2 Bb7 27. Nc4 Rg5 28.
Qh4 Rxg2+ 29. Kxg2 Nf4+ 30. Kg1 Nxh3+ 31. Qxh3 Rf8 32. Bg3 Bd5 33. Bd6 1-0

[Event "Ì15Ï"]
[Site "Loo"]
[Date "2017.04.24"]
[Round "5.12"]
[White "Àãàáåêîâ, Ñàâåëèé."]
[Black "Øàêèðîâ, Ìàðàò."]
[Result "1/2-1/2"]
[WhiteElo "1700"]
[BlackElo "1849"]
[PlyCount "82"]
[EventDate "2017.04.20"]

1. e4 e5 2. Nf3 Nc6 3. Bc4 Bc5 4. d3 Nf6 5. O-O d6 6. c3 h6 7. h3 O-O 8. Bb3 a6
9. Re1 Ba7 10. Nbd2 Nd7 11. Nf1 Nc5 12. Bc2 Ne6 13. Ng3 Qf6 14. Be3 Bxe3 15.
fxe3 Ng5 16. Kh2 Nxf3+ 17. Qxf3 Qxf3 18. gxf3 f5 19. exf5 Bxf5 20. Nxf5 Rxf5
21. Kg3 Raf8 22. Rf1 Ne7 23. h4 R5f6 24. d4 Nf5+ 25. Bxf5 Rxf5 26. Rae1 Kf7 27.
Re2 Ke6 28. Rff2 g5 29. d5+ Kd7 30. h5 c6 31. dxc6+ Kxc6 32. Rd2 b5 33. Rc2 Kc5
34. Rcd2 R5f6 35. Rc2 d5 36. Rcd2 a5 37. Kg2 R8f7 38. Kg3 Rf8 39. Kg2 R8f7 40.
Kg3 Rf8 41. Kg2 R8f7 1/2-1/2

[Event "Ì15Ï"]
[Site "Loo"]
[Date "2017.04.24"]
[Round "5.13"]
[White "Ïåòðîâ, Íèêîëàé."]
[Black "Âèíîêóð, Ëåîíèä."]
[Result "1-0"]
[WhiteElo "1832"]
[BlackElo "1572"]
[PlyCount "105"]
[EventDate "2017.04.20"]

1. Nf3 Nf6 2. b3 d5 3. Bb2 e6 4. e3 b6 5. Bb5+ c6 6. Be2 Bb7 7. O-O Be7 8. Ne5
Nbd7 9. f4 O-O 10. d3 Qc7 11. Nd2 Ne8 12. Bg4 Bf6 13. Ndf3 Nd6 14. Rb1 Rfe8 15.
Qe1 c5 16. Nxd7 Qxd7 17. Bxf6 gxf6 18. Qh4 Qe7 19. Qh6 f5 20. Bh5 Qf8 21. Qg5+
Qg7 22. Qxg7+ Kxg7 23. Ne5 Re7 24. Be2 f6 25. Nf3 e5 26. Rbe1 Rae8 27. Nh4 exf4
28. Bh5 Rf8 29. exf4 Rxe1 30. Rxe1 Kh6 31. Bf3 Rf7 32. Re6 Nb5 33. Nxf5+ Kg6
34. Ng3 Nd4 35. Bh5+ Kg7 36. Bxf7 Kxf7 37. Re1 Nxc2 38. Re2 Nd4 39. Rd2 Ne6 40.
Nf5 Ba8 41. g3 a6 42. d4 Nxd4 43. Nxd4 cxd4 44. Rxd4 Ke6 45. Kf2 Kd6 46. Ke3
Bc6 47. f5 h5 48. Rh4 Be8 49. Kd4 Kc6 50. g4 hxg4 51. Rxg4 Bh5 52. Rg8 Bf3 53.
Rf8 1-0

[Event "Ì15Ï"]
[Site "Loo"]
[Date "2017.04.24"]
[Round "5.14"]
[White "ßðîø, Ðóñëàí."]
[Black "Ãàãëàçîâ, Ìèõàèë."]
[Result "1/2-1/2"]
[WhiteElo "1814"]
[BlackElo "1550"]
[PlyCount "81"]
[EventDate "2017.04.20"]

1. e4 e6 2. d4 d5 3. Nc3 Nf6 4. e5 Nfd7 5. f4 c5 6. Nf3 Nc6 7. Ne2 Be7 8. c3
O-O 9. g3 Qb6 10. Bh3 cxd4 11. Nexd4 Nxd4 12. cxd4 Nb8 13. O-O Nc6 14. b3 f5
15. exf6 Bxf6 16. Bb2 e5 17. Bxc8 Raxc8 18. fxe5 Nxe5 19. Nxe5 Bxe5 20. Qd3 Bf6
21. Kh1 Rfe8 22. Rae1 Qa5 23. Bc3 Qb6 24. Qf5 Qc6 25. Bb2 Qd6 26. Re3 Rcd8 27.
Rfe1 Rxe3 28. Rxe3 Qd7 29. Qh5 g6 30. Qe2 Kf7 31. Qf2 Re8 32. Qe2 Rxe3 33. Qxe3
Qe6 34. Qxe6+ Kxe6 35. Kg2 a6 36. Kf3 Kf5 37. g4+ Ke6 38. h3 Bg7 39. Ke2 Bf6
40. Kd3 Kd6 41. Ba3+ 1/2-1/2

[Event "Ì15Ï"]
[Site "Loo"]
[Date "2017.04.24"]
[Round "5.15"]
[White "Ìåñòíèêîâ, Àéäûí."]
[Black "Êàðàâàåâ, Àëåêñàíäð."]
[Result "1-0"]
[WhiteElo "1699"]
[BlackElo "1794"]
[PlyCount "79"]
[EventDate "2017.04.20"]

1. d4 d5 2. Nf3 Nf6 3. e3 c5 4. b3 e6 5. Bb2 Be7 6. Bd3 O-O 7. O-O Nc6 8. Ne5
Qb6 9. f4 cxd4 10. Nxc6 bxc6 11. Bxd4 c5 12. Be5 Nd7 13. Bxh7+ Kxh7 14. Bxg7
Kxg7 15. Qg4+ Kh7 16. Rf3 e5 17. Rh3+ Qh6 18. Rxh6+ Kxh6 19. Qh3+ Kg7 20. Qg4+
Kf6 21. Nc3 Nb6 22. Qg5+ Ke6 23. Qxe5+ Kd7 24. Nxd5 Nxd5 25. Qxd5+ Kc7 26. Qxa8
Bb7 27. Qxa7 Ra8 28. Qxa8 Bxa8 29. Kf2 Be4 30. c4 f5 31. Rd1 Bf6 32. g3 Bc2 33.
Rd2 Bb1 34. Rd5 Be7 35. Rd2 Bf6 36. a3 Bc3 37. Rd5 Kc6 38. b4 cxb4 39. axb4
Bxb4 40. Rb5 1-0

[Event "Ì15Ï"]
[Site "Loo"]
[Date "2017.04.24"]
[Round "5.16"]
[White "Êîçëîâ, Äåíèñ."]
[Black "Èâàíîâ, Èëüÿ."]
[Result "1-0"]
[WhiteElo "1789"]
[BlackElo "1498"]
[PlyCount "119"]
[EventDate "2017.04.20"]

1. d4 d5 2. c4 e6 3. Nf3 Nf6 4. g3 Bb4+ 5. Bd2 Be7 6. Bg2 O-O 7. O-O c6 8. Bf4
b6 9. Nc3 Ba6 10. b3 dxc4 11. bxc4 Bxc4 12. Ne5 Ba6 13. Nxc6 Nxc6 14. Bxc6 Rc8
15. Qa4 Bd6 16. Bxd6 Qxd6 17. Qxa6 Qxc6 18. Rac1 Qc4 19. Qxa7 Qxd4 20. Rfd1 Qb4
21. Rd3 Ra8 22. Qc7 Rfc8 23. Qe5 Ra5 24. Qe3 Qc5 25. Nd1 Qf8 26. Rxc8 Qxc8 27.
Qxb6 Ra8 28. a4 Nd5 29. Qd4 Qa6 30. Nc3 h6 31. Nxd5 exd5 32. Kg2 Qxa4 33. Qxa4
Rxa4 34. Rxd5 g6 35. Kf3 Kg7 36. Rd7 Ra3+ 37. Rd3 Ra4 38. Re3 Kf6 39. Re4 Ra3+
40. Kg4 Kg7 41. Re7 Ra4+ 42. f4 Kf6 43. Re8 h5+ 44. Kh4 g5+ 45. Kxh5 gxf4 46.
g4 Ra2 47. h4 Ra5+ 48. Kh6 Ra3 49. Re4 Ra6 50. Kh7 Ra3 51. Rxf4+ Ke6 52. Kg7
Rg3 53. g5 Rh3 54. Rf6+ Ke5 55. Rh6 f5 56. gxf6 Rg3+ 57. Kf8 Kf5 58. f7 Rg4 59.
h5 Kg5 60. Rg6+ 1-0

[Event "Ì15Ï"]
[Site "Loo"]
[Date "2017.04.24"]
[Round "5.17"]
[White "Áåëîâ, Êèðèëë."]
[Black "Áóêàòèí, Àðñåíèé."]
[Result "1-0"]
[WhiteElo "1615"]
[BlackElo "1772"]
[PlyCount "119"]
[EventDate "2017.04.20"]

1. e4 e5 2. Nf3 Nc6 3. Bb5 a6 4. Ba4 Nf6 5. d3 b5 6. Bb3 Be7 7. Nc3 d6 8. a3
O-O 9. O-O Na5 10. Ba2 c5 11. Bd5 Rb8 12. b4 Nxd5 13. Nxd5 Nc6 14. c3 Be6 15.
Bb2 f5 16. Re1 fxe4 17. dxe4 c4 18. h3 Qd7 19. Kh2 Rf7 20. Re3 Rbf8 21. a4 Bd8
22. axb5 axb5 23. Ra6 Qc8 24. Qa1 Bxh3 25. Rxc6 Qxc6 26. Kxh3 Qd7+ 27. Kh2 Qg4
28. Qe1 Bg5 29. Nxg5 Rxf2 30. Rg3 Qh5+ 31. Nh3 Rxb2 32. Nc7 Rff2 33. Nxb5 Qh4
34. Qe3 Rf1 35. Qg5 Qxg5 36. Nxg5 Rf6 37. Na3 h6 38. Nf3 Rb3 39. Nxc4 Rxc3 40.
Nfd2 Rxg3 41. Kxg3 Kf7 42. b5 Ke6 43. b6 Rf8 44. Nb3 Rb8 45. Nba5 Kd7 46. Kg4
g6 47. Kf3 h5 48. Kg3 g5 49. Kh3 Ke6 50. Nc6 Rf8 51. b7 d5 52. exd5+ Kxd5 53.
N4xe5 Ke4 54. Nd7 g4+ 55. Kh4 Rh8 56. b8=Q Rxb8 57. Ndxb8 Ke3 58. Kg3 h4+ 59.
Kxg4 Kf2 60. Kh3 1-0

[Event "Ì15Ï"]
[Site "Loo"]
[Date "2017.04.24"]
[Round "5.18"]
[White "Ñîìêèí, Êèðèëë."]
[Black "Ëèñèìåíêî, Ðóñëàí."]
[Result "1-0"]
[WhiteElo "1942"]
[BlackElo "1733"]
[PlyCount "143"]
[EventDate "2017.04.20"]

1. e4 d5 2. exd5 Qxd5 3. Nc3 Qd6 4. d4 Nf6 5. Nf3 g6 6. Ne5 Bg7 7. f4 O-O 8.
Be2 c6 9. g4 Rd8 10. g5 Nd5 11. Ne4 Qc7 12. h4 Nd7 13. c4 Nxe5 14. fxe5 Nb6 15.
Bf4 Bf5 16. Ng3 Qd7 17. c5 Nd5 18. Bd2 Nc7 19. Be3 Nd5 20. Bf2 Nf4 21. O-O Be6
22. a3 Nd5 23. Bf3 Rab8 24. b4 Rdc8 25. Qd2 b6 26. Ne4 b5 27. h5 Rf8 28. Rad1
Ra8 29. Kh2 Bf5 30. Bg3 Bh8 31. Rh1 a6 32. Kg1 Bxe4 33. Bxe4 Qg4 34. Bxd5 cxd5
35. Kh2 f6 36. hxg6 hxg6 37. exf6 Rf7 38. Rde1 exf6 39. Qf4 Qxf4 40. Bxf4 fxg5
41. Be5 Rh7+ 42. Kg3 Bxe5+ 43. dxe5 Re7 44. Rh2 Rae8 45. Rhe2 d4 46. Re4 d3 47.
Rd1 Rxe5 48. Rxe5 Rxe5 49. Rxd3 Re6 50. Kg4 Kf7 51. Kxg5 Re5+ 52. Kf4 Re6 53.
Rc3 Kf6 54. Re3 Rc6 55. Kg4 Kf7 56. Rf3+ Kg7 57. Re3 Kf7 58. Kg5 a5 59. Rc3
axb4 60. axb4 Ke7 61. Ra3 Kd7 62. Ra5 Rc8 63. Rxb5 Kc6 64. Rb6+ Kd5 65. Kxg6
Rf8 66. c6 Rc8 67. b5 Kd6 68. Rb7 Kc5 69. c7 Kd6 70. b6 Kc6 71. Rb8 Kc5 72. Kf7
1-0

[Event "Ì15Ï"]
[Site "Loo"]
[Date "2017.04.24"]
[Round "5.19"]
[White "Áðèíü, Èëüÿ."]
[Black "Áàëàøîâ, Åãîð."]
[Result "1-0"]
[WhiteElo "1909"]
[BlackElo "1729"]
[PlyCount "74"]
[EventDate "2017.04.20"]

1. e4 e6 2. d4 d5 3. Nd2 c5 4. exd5 exd5 5. Ngf3 Nf6 6. Bb5+ Bd7 7. Bxd7+ Nbxd7
8. O-O Be7 9. Re1 O-O 10. b3 cxd4 11. Nxd4 g6 12. Bb2 Nc5 13. Qf3 Nfe4 14. Nxe4
Nxe4 15. c4 Qb6 16. cxd5 f5 17. Ne6 Rf7 18. Bd4 Qa5 19. Rxe4 fxe4 20. Qxe4 Bf6
21. Bxf6 Rxf6 22. Qe5 Rf7 23. Ng5 Rf5 24. Qe7 Qxd5 25. Qxh7+ Kf8 26. Qh6+ Ke7
27. Re1+ Kd7 28. Qg7+ Kc6 29. Rc1+ Kb5 30. a4+ Ka5 31. b4+ Kxa4 32. Qa1+ Kxb4
33. Qc3+ Kb5 34. Qb2+ Ka6 35. Ra1+ Qa5 36. Rxa5+ Kxa5 37. Ne4 Rc8 1-0

[Event "Ì15Ï"]
[Site "Loo"]
[Date "2017.04.24"]
[Round "5.20"]
[White "Äîëãèðåâ, Ëåâ."]
[Black "Èñìàèëîâ, Àìèð."]
[Result "1-0"]
[WhiteElo "1669"]
[BlackElo "1893"]
[PlyCount "145"]
[EventDate "2017.04.20"]

1. d4 Nf6 2. Nf3 e6 3. c4 d5 4. g3 Bb4+ 5. Bd2 Be7 6. Bg2 O-O 7. O-O Nbd7 8.
Bc3 c6 9. Nbd2 Qc7 10. Qc2 b6 11. e4 dxc4 12. Nxc4 Ba6 13. b3 b5 14. Ba5 Qb7
15. Nce5 Nxe5 16. Nxe5 b4 17. Qxc6 Rac8 18. Qxb7 Bxb7 19. Rfe1 Rc2 20. Nc4 Rc8
21. f3 Ba6 22. Rec1 Rc3 23. Rxc3 bxc3 24. Bf1 Bxc4 25. Bxc4 Nd7 26. Rc1 Ba3 27.
Rxc3 Bb2 28. Rd3 e5 29. Bc3 Bxc3 30. Rxc3 Kf8 31. dxe5 Nxe5 32. f4 Nd7 33. Rd3
Nc5 34. Rd4 Ke7 35. Kg2 f6 36. Kf3 Rc6 37. Bd5 Ra6 38. Rc4 Kd6 39. b4 Nd7 40.
Rd4 Ke7 41. Bb3 g5 42. a4 Rc6 43. Rc4 Rd6 44. Rc3 Rd4 45. b5 Kd6 46. Rc6+ Ke7
47. Ke3 Rb4 48. Rc3 Kd6 49. Rc6+ Ke7 50. Bc2 Rb2 51. Kd2 Nb6 52. Kc3 Ra2 53.
Rc7+ Kd6 54. Rxa7 gxf4 55. gxf4 Ra3+ 56. Bb3 Ra1 57. a5 Nd7 58. b6 Rc1+ 59. Kd2
Rh1 60. Bd5 Rxh2+ 61. Kc3 Rh3+ 62. Kb4 Rh1 63. e5+ Kxd5 64. Rxd7+ Kc6 65. Rc7+
Kd5 66. exf6 Rf1 67. Rxh7 Rxf4+ 68. Kb5 Rxf6 69. Rd7+ Ke6 70. Rc7 Rf1 71. b7
Kd6 72. Rc8 Rb1+ 73. Ka6 1-0

[Event "Ì15Ï"]
[Site "Loo"]
[Date "2017.04.24"]
[Round "5.21"]
[White "Äîí, Àëåêñàíäð."]
[Black "ßäèãàðîâ, Àéâàç."]
[Result "0-1"]
[WhiteElo "1836"]
[BlackElo "1699"]
[PlyCount "82"]
[EventDate "2017.04.20"]

1. d4 Nf6 2. c4 g6 3. Nc3 Bg7 4. e4 d6 5. f3 O-O 6. Be3 e5 7. d5 Nh5 8. Qd2 f5
9. Nge2 a5 10. Nc1 Bd7 11. Nd3 b6 12. Be2 f4 13. Bf2 Na6 14. O-O Bf6 15. b3 Bh4
16. a3 Bxf2+ 17. Rxf2 Nc5 18. Qb2 a4 19. b4 Nb3 20. Rb1 Qh4 21. Bd1 Nd4 22. b5
g5 23. Ne2 Nxe2+ 24. Qxe2 Rf6 25. Rb2 Ng3 26. hxg3 fxg3 27. Qe1 gxf2+ 28. Qxf2
Qxf2+ 29. Kxf2 g4 30. Rb4 gxf3 31. gxf3 Rh6 32. Ke3 Rh2 33. Nf2 h5 34. Rxa4
Rxa4 35. Bxa4 Rg2 36. f4 Rg3+ 37. Ke2 exf4 38. e5 Re3+ 39. Kf1 Rxe5 40. Nd3 Re3
41. Nxf4 Rf3+ 0-1

[Event "Ì15Ï"]
[Site "Loo"]
[Date "2017.04.24"]
[Round "5.22"]
[White "Ùåïåòîâ, Ìàêñèì."]
[Black "Ñàäîâíèêîâ, Êîíñòàíòèí."]
[Result "0-1"]
[WhiteElo "1600"]
[BlackElo "1826"]
[PlyCount "92"]
[EventDate "2017.04.20"]

1. d4 Nf6 2. Nf3 c5 3. c4 cxd4 4. Nxd4 e5 5. Nb5 d6 6. Bg5 a6 7. N5c3 Nc6 8.
Nd5 Be7 9. Nxe7 Nxe7 10. Nc3 Bf5 11. e3 Ne4 12. Bxe7 Qxe7 13. Nd5 Qd8 14. Bd3
Bg6 15. Qa4+ b5 16. Qb4 Nc5 17. Bxg6 hxg6 18. Rd1 Rb8 19. cxb5 Rxb5 20. Qc3 O-O
21. b3 e4 22. O-O Qg5 23. Nf4 Rd8 24. Rd5 Qe7 25. b4 Ne6 26. Rxb5 axb5 27. Nd5
Qb7 28. Rd1 Kh7 29. Qc2 f5 30. a4 Rc8 31. Qa2 bxa4 32. Qxa4 Rc4 33. h3 Ng5 34.
Qe8 Qf7 35. Qd8 Ne6 36. Qxd6 Nc7 37. Qd8 Nxd5 38. Rxd5 Qf6 39. Qa5 Rc1+ 40. Kh2
Rc2 41. Rd8 Rxf2 42. Qd5 Qb2 43. Kg3 Rxg2+ 44. Kf4 Rf2+ 45. Kg3 Rf3+ 46. Kh4
Qf6# 0-1

[Event "Ì15Ï"]
[Site "Loo"]
[Date "2017.04.24"]
[Round "5.23"]
[White "Êîïòåâ, Ðóñëàí."]
[Black "Æóðàâëåâ, Èãíàò."]
[Result "1/2-1/2"]
[WhiteElo "1814"]
[BlackElo "1638"]
[PlyCount "117"]
[EventDate "2017.04.20"]

1. e4 e5 2. Nf3 Nc6 3. Bb5 a6 4. Ba4 Nf6 5. Qe2 b5 6. Bb3 Be7 7. c3 O-O 8. O-O
d6 9. Rd1 Na5 10. Bc2 c5 11. d4 Qc7 12. d5 Bd7 13. b3 Nb7 14. h3 Rfc8 15. Nbd2
c4 16. b4 a5 17. Nf1 Ra6 18. g4 h6 19. Ng3 Rca8 20. a3 axb4 21. cxb4 Bf8 22. g5
hxg5 23. Nxg5 g6 24. Rf1 Nh7 25. Nxh7 Kxh7 26. f4 exf4 27. Rxf4 Kg8 28. Qf3 Nd8
29. Nh5 Bh6 30. Nf6+ Kf8 31. Rh4 Bg7 32. Bh6 Qa7+ 33. Kh2 Bxh6 34. Rxh6 Ke7 35.
Ng8+ Kf8 36. Rh8 Qd4 37. Nf6+ Ke7 38. Ng8+ Kf8 39. Nf6+ Ke7 40. Rf1 Rxa3 41.
Qf4 Qe5 42. Ng8+ Kf8 43. Nf6+ Ke7 44. Qxe5+ dxe5 45. d6+ Ke6 46. Nd5 Kxd6 47.
Nb6 R8a7 48. Rxd8 Rxh3+ 49. Kg2 Rc3 50. Rd1+ Kc6 51. R8xd7 Rxc2+ 52. Kg1 Rxd7
53. Nxd7 f6 54. Nxf6 Rb2 55. Nd5 Re2 56. Ne7+ Kb6 57. Nxg6 Rxe4 58. Kf2 c3 59.
Rc1 1/2-1/2

[Event "Ì15Ï"]
[Site "Loo"]
[Date "2017.04.24"]
[Round "5.24"]
[White "Áóíèàòÿí, Äàâèä."]
[Black "Âëàñîâ, Àëåêñàíäð."]
[Result "1-0"]
[WhiteElo "1648"]
[BlackElo "1808"]
[PlyCount "51"]
[EventDate "2017.04.20"]

1. d4 e6 2. Bf4 Nf6 3. e3 b6 4. Nf3 Bb7 5. Bd3 Be7 6. h3 Ne4 7. Nbd2 f5 8. Ne5
O-O 9. Nxe4 Bxe4 10. Bxe4 fxe4 11. Qg4 Rf5 12. Bh6 Qf8 13. Qxe4 gxh6 14. Qxa8
Rxf2 15. O-O-O Ba3 16. Nd3 Bxb2+ 17. Kxb2 Rf5 18. Qe4 Nc6 19. g4 Na5 20. gxf5
Nc4+ 21. Kb1 Na3+ 22. Kc1 Nc4 23. Rdg1+ Kh8 24. fxe6 Qa3+ 25. Kd1 d5 26. e7 1-0